SQL FOR DATA SCIENCE DATA CLEANING WRANG (Record no. 32756)
[ view plain ]
| 000 -LEADER | |
|---|---|
| fixed length control field | 00341nam a2200133Ia 4500 |
| 008 - FIXED-LENGTH DATA ELEMENTS--GENERAL INFORMATION | |
| fixed length control field | 240624s9999 xx 000 0 und d |
| 041 ## - LANGUAGE CODE | |
| Language code of text/sound track or separate title | eng |
| 082 ## - DEWEY DECIMAL CLASSIFICATION NUMBER | |
| Classification number | 005.7 BAD |
| 100 ## - MAIN ENTRY--PERSONAL NAME | |
| Personal name | BADIA ANTONIO |
| 245 ## - TITLE STATEMENT | |
| Title | SQL FOR DATA SCIENCE DATA CLEANING WRANG |
| 260 ## - PUBLICATION, DISTRIBUTION, ETC. | |
| Date of publication, distribution, etc. | 2020 |
| Place of publication, distribution, etc. | Switzerland |
| Name of publisher, distributor, etc. | Springer |
| 300 ## - PHYSICAL DESCRIPTION | |
| Extent | xi,285P.; 23cm |
| 365 ## - TRADE PRICE | |
| Currency code | ERU |
| Price amount | 33 |
| Withdrawn status | Lost status | Damaged status | Not for loan | Home library | Current library | Shelving location | Date acquired | Total Checkouts | Total Renewals | Full call number | Barcode | Date last seen | Date last checked out | Copy number | Price effective from | Koha item type |
|---|---|---|---|---|---|---|---|---|---|---|---|---|---|---|---|---|
| IMTN | IMTN | Rack 3-A | 01/07/2022 | 1 | 1 | 005.7 BAD | 32756 | 07/24/2025 | 07/04/2025 | 88.7 | 06/24/2024 | Books |